| 000 | 00542nam a22001937a 4500 | ||
|---|---|---|---|
| 003 | OSt | ||
| 005 | 20140310181726.0 | ||
| 008 | 130308t xxu||||| |||| 00| 0 eng d | ||
| 020 | _a0858599732 | ||
| 050 |
_aN 7477 _b.B199 2007 |
||
| 082 |
_aIB 709.940904 _bV67 2007 |
||
| 100 | _aBamford, Anne | ||
| 245 |
_aViewpoints : _bvisual arts case studies / _cAnne Bamford. |
||
| 260 |
_aPort Melbourne, Vic. : _bHeinemann, _c1998. |
||
| 300 |
_avi, 162 p. : _bill. col. ; _c28 cm. |
||
| 650 | _aVisual Arts | ||
| 942 |
_2lcc _cBK |
||
| 999 |
_c2190 _d2190 |
||